LIBRARY & INFORMATION CENTRE, KCAET, TAVANUR

ONLINE PUBLIC ACCESS CATALOGUE (OPAC)

Building construction illustrated / (Record no. 2479)

MARC details
000 -LEADER
fixed length control field 00463cam a2200181ua 4500
041 ## - LANGUAGE CODE
Language code of text/sound track or separate title eng
082 ## - DEWEY DECIMAL CLASSIFICATION NUMBER
Classification number 690.0223
Item number CHI/BU
100 ## - MAIN ENTRY--AUTHOR NAME
Personal name Ching, Francis.D.K .
245 ## - TITLE STATEMENT
Title Building construction illustrated /
250 ## - EDITION STATEMENT
Edition statement 1 /
260 ## - PUBLICATION, DISTRIBUTION, ETC. (IMPRINT)
Place of publication :
Name of publisher C B S Publishers & Distributers ,
Year of publication 1987.
300 ## - PHYSICAL DESCRIPTION
Number of Pages 251 ; .
942 ## - ADDED ENTRY ELEMENTS (KOHA)
Koha item type Books
Holdings
Withdrawn status Lost status Damaged status Home library Current library Date acquired Full call number Accession Number Koha item type
      KAUAET KAUAET 07/04/2012 690.0223 16835 Books
free website counter